Unspunnen-Schwinget - Statistiken

Allgemein
  • Dieses Quiz wurde 17 mal gespielt
  • Das Durchschnittsergebnis liegt bei 5 aus 16
Antwortstatistiken
Hint Antwort % Korrekt
2017 Stucki Christian
100%
1999 Abderhalden Jörg
80%
2011 Bösch Daniel
67%
2006 Grab Martin
67%
1b Hunsperger Ruedi
40%
1993 Sutter Thomas
40%
1b Gasser Hansueli
33%
1987 Gasser Niklaus
33%
1968 1a Gasser Peter
33%
1981 Betschard Leo
7%
1b Abplanalp Ernst
0%
1946 1a Fink Arnold
0%
1949 Kopp Hans
0%
1955 1a Münger Hans
0%
1962 Schild Kurt
0%
1976 Schläfli Ernst
0%
Keine übereinstimmenden Quizze gefunden
Verteilung der Resultate
Anzahl Personen mit jedem Resultat
Perzentil nach korrekt beantworteten Fragen
Ihre Resultats-Entwicklung
Sie haben dieses Quiz noch nicht gespielt